UBT Library

Elemente der mathematischen Logik : (Record no. 456)

000 -LEADER
fixed length control field 00516nam a22001817a 4500
008 - FIXED-LENGTH DATA ELEMENTS--GENERAL INFORMATION
fixed length control field 140521b xxu||||| |||| 00| 0 ger d
020 ## - INTERNATIONAL STANDARD BOOK NUMBER
International Standard Book Number 3486207113
041 0# - LANGUAGE CODE
Language code of text/sound track or separate title ger
080 ## - UNIVERSAL DECIMAL CLASSIFICATION NUMBER
Universal Decimal Classification number 510.6
100 ## - Rafti
Rafti Kaaz, M. Albert.
245 ## - TITLE STATEMENT
Title Elemente der mathematischen Logik :
Statement of responsibility, etc von M. Albert Kaaz.
260 ## -
-- München :
-- Oldenbourg,
-- 1977.
300 ## -
-- 243 f.:
-- me il.;
-- 24 cm.
500 ## -
-- Vorwort: [5[-7
650 #0 -
-- Matematika
650 #0 -
-- Logjika
942 ## - ADDED ENTRY ELEMENTS (KOHA)
Source of classification or shelving scheme
Item type Books
Holdings
Withdrawn status Lost status Source of classification or shelving scheme Damaged status Not for loan Collection code Permanent location Current location Shelving location Date acquired Total Checkouts Full call number Date last seen Koha item type
          Koleksioni i përgjithshem UBT - Prishtine UBT - Prishtine Koleksioni i përgjithshem 05/21/2014   001-000561 05/21/2014 Books
UBT Library © 2015-2024. All rights reserved University Education for Business and Technology